000 00672nmm a2200193Ia 4500
008 251105s9999||||xx |||||||||||||||||und||
020 _a9788437070261
041 _aspa
100 _aRowlandson, Mary
245 0 _aLa verdadera historia del cautiverio y restitución de la señora Mary Rowlandson
264 _a[Madrid, España] :
_bPublicaciones de la Universidad de Valencia (PUV),
_c2008
300 _a114 páginas
490 _aBiblioteca Javier Coy d'estudis nord-americans
650 _aNorth American narrative
700 _aRowlandson, Mary
700 1 _a Ortells Montón, Elena
856 _uhttps://public.digitaliapublishing.com/a/35062
942 _cCF
999 _c70803
_d70803